| 000 | 00602nam a22002057a 4500 | ||
|---|---|---|---|
| 999 |
_c20681 _d20681 |
||
| 003 | AR-CdUCM | ||
| 008 | 190423b ||||| |||| 00| 0 spa d | ||
| 040 |
_aMUNICIPALIDAD PROVINCIAL DEL CUSCO _cBIBLIOTECA MUNICIPAL DEL CUSCO |
||
| 082 |
_aPI / 376.1 / _bP51 _22016. |
||
| 110 |
_aPhidal publishing _932928 |
||
| 245 | _aDory / | ||
| 260 |
_aMéxico : _bPublished, _c2016 |
||
| 300 |
_a18 cm. _cIlustrado |
||
| 440 |
_aMi pequeña biblioteca _nBuscando a Dory _943232 |
||
| 505 | _aContenido : Cuento. | ||
| 650 |
_aCuento _94671 |
||
| 650 |
_aInfantil _96210 |
||
| 942 |
_2ddc _cLIBROS |
||
| 945 | _arcc | ||